| 000 | 02961cam a22002535a 4500 | ||
|---|---|---|---|
| 001 | L145818 | ||
| 008 | 081111s2008 xxkado f s 000 0 eng d | ||
| 035 | _a(Sirsi) u145818 | ||
| 041 | 0 | _aeng | |
| 050 | 0 | 4 | _a346.4104346 $2 18 |
| 100 | 1 | _aWallace, Alison | |
| 245 | 0 | 0 |
_aAchieving mobility in the intermediate housing market _bmoving up and moving on? _h[electronic resource] |
| 260 |
_aLondon _bCIH _c2008 |
||
| 505 | 2 | _aWhy focus on mobility for shared owners?: summary points; introduction; policy background; low-cost home-ownership models; mobility in low-cost home-ownership; research aims and methods; structure of the report -- Profile of the shared ownership sector: summary points; introduction; the UK LCHO market; owners' profiles; property profiles; conclusions -- Mobility and the outcomes of moving on: summary points; introduction; mobility in the shared ownership sector and the wider market; deciding to move; moving destinations; conclusions -- Household influences on mobility: summary points; introduction; disposition to remain in high-cost areas; employment; forming relationships; age; family support; conclusions -- Housing market influences on mobility: summary points; introduction; rising markets; staircasing; housing market demand; conclusions -- LCHO provider practices that influence mobility: summary points; introduction; maximising investment in shared ownership property; moving within the shared ownership sector; the resale process; conclusions -- Conclusions and policy and practice recommendations: summary conclusions; summary recommendations; conclusions; recommendations for policy and practice; recommendations for further research | |
| 505 | 2 | _aAppendices: summary of LCHO models across the UK; research methods; topic guides, owners; topic guides, LCHO providers; owners' survey | |
| 520 | _aStudy in movement trends among those staying in shared ownership housing in the UK. Discusses key findings and highlights the demographics of those staying in shared ownership properties and points out that typical starting shares have fallen from 50 to 40 percent. The author suggests that the statistics prove that shared ownership is not a 'stepping stone' to full ownership, as over half of those moving within the sector do not go on to full ownership. For those who are unable to move on from shared ownership, the ability to move within the sector is important - a fact that is not recognised by many shared ownership providers. The author also provides a range of suggested policy changes in relation to the shared ownership sector and suggests that more work is needed to clarify its role. | ||
| 521 | _aAdvanced | ||
| 590 | _aKA NTK | ||
| 651 | 4 |
_aUnited Kingdom _y |
|
| 690 |
_aResidential property _96266 |
||
| 700 | 1 |
_aJoseph Rowntree Foundation _92318 |
|
| 856 | 4 | 8 |
_uhttps://www.jrf.org.uk/knowledge/findings/housing/2297.asp _zView the item free of charge online at www.jrf.org.uk... |
| 942 | _n0 | ||
| 999 |
_c108931 _d108931 |
||